=LDR 00000nam 2200000 4500 =001 INLIS000000000055169 =005 20200316112019 =035 ##$$a 0010-0320000276 =007 ta =008 200316################g##########0#ind## =020 ##$$a 978-979-16094-3-2 =082 ##$$a 220.8 =084 ##$$a 220.8 ROS p =100 #$$a Rosemary, =245 1#$$a Paus wanita : $b Misteri Paus Joan /$c Rosemary, Darroll Pardoe =250 ##$$a cet.1 =260 ##$$a Yogyakarta :$b Alas,$c 2007 =300 ##$$a xii, 212 hlm., ; $c 15 x 23 cm. =600 #4$$a Alkitab-wanita =990 ##$$a 20712071 =990 ##$$a 20702520